000 05989cas a2201093 4500
001 data
005 20260322212104.0
007 data
008 data
010 _aa 43002181
016 7 _a0370540
_2DNLM
016 7 _aA30075000
_2DNLM
016 7 _a009831530
_2Uk
019 _a1257522981
_a995588264
_a1011853693
_a1051604437
_a1063374669
_a1143346516
_a1144723945
_a1191423235
_a1201540470
_a1227862666
_a1228125701
_a1243926114
_a1257522981
022 0 _a0003-276X
_21
023 0 _a0003-276X
_21
029 1 _aAU@
_b000000921701
029 1 _aAU@
_b000045772567
029 1 _aNLGGC
_b841529213
029 1 _aNLM
_b0370540
029 1 _aNZ1
_b5016831
029 1 _aUKMGB
_b009831530
029 1 _aZWZ
_b03866447X
030 _aANREAK
032 _a024920
_bUSPS
035 _a(OCoLC)1481086
040 _aMUL
_beng
_cMUL
_dOCLCQ
_dOHS
_dNSD
_dYUS
_dNSD
_dDLC
_dIUL
_dDLC
_dSER
_dAIP
_dAGL
_dAIP
_dNSD
_dAIP
_dDLC
_dNST
_dDLC
_dNSD
_dUMC
_dCUS
_dIUL
_dNSD
_dWAU
_dMYG
_dNLM
_dOCLCQ
_dC@R
_dCLU
_dGUA
_dNSD
_dNLM
_dOCL
_dIUL
_dNLGGC
_dIUL
_dLVB
_dOCLCQ
_dAMAZN
_dCGU
_dDLC
_dUKMGB
_dX2#
_dOCLCO
_dOCLCA
_dOCLCF
_dOCLCO
_dOCLCQ
_dOCLCO
_dOCLCA
_dIBT
_dOCLCA
_dIBD
_dOCLCQ
_dOCLCO
_dPUL
_dOCLCL
_dVKC
_dOCLCL
_dOCLCQ
042 _ansdp
_ansdp
050 0 0 _aQL801
_b.A45
060 0 0 _aW1
_bAN193
082 0 4 _a611.05
210 0 _aAnat. rec.
_b(Print)
222 4 _aThe anatomical record
_b(Print)
245 0 4 _aThe anatomical record.
260 _a[New York, etc.]
_bA.R. Liss
300 _avolumes
_billustrations
_c25-28 cm
310 _aMonthly (semimonthly in Feb., Apr., June, Aug., Oct., Dec.),
_b1998-2002
321 _aIrregular,
_b1906-Feb. 1908
321 _aMonthly,
_bMay 1908-Dec. 1997
336 _atext
_btxt
_2rdacontent
337 _aunmediated
_bn
_2rdamedia
338 _avolume
_bnc
_2rdacarrier
362 0 _av. 1-269; Nov. 24, 1906-Dec. 15, 2002.
500 _aBeginning in 1998, includes an additional vol. published bimonthly as a section of the journal, with title: The new anatomist.
500 _aEditors: 1906-Feb. 1908, C.R. Bardeen and others; May 1908-Mar. 1921, I. Hardesty and others, Apr. 1921-May 1928, J.L. Bremer; June 1928- E.A. Boyden and others.
500 _aIssues for 1906-2002 include the proceedings and abstracts of papers of the American Association of Anatomists (formerly the Association of American Anatomists); 1916-60, the proceedings and abstracts of papers of the American Society of Zoologists.
510 2 _aChemical abstracts
_x0009-2258
515 _aJournal section issued 1998-2002 as "The new anatomist" comprises vols. 253, 257, 261, 265, and 269.
525 _aIncludes supplements.
530 _aAlso issued online.
550 _aOrgan of the American Association of Anatomists, 1940-<Feb. 1998>; of the American Society of Zoologists, 1940-1960. volumes for -1979 issued by Wistar Institute of Anatomy and Biology.
580 _aVol. 1 issued with: American journal of anatomy, v. 6-7.
580 _aSecion of journal issued 1998-2002 as The new anatomist comprises vols. 253, 257, 261, 265, and 269.
580 _aSplit into: Anatomical record. Part A, Discoveries in molecular, cellular, and evolutionary biology; and: Anatomical record. Part B, New anatomist.
650 0 _aAnatomy
_vPeriodicals.
650 0 _aAnatomy.
650 2 _aAnatomy
650 6 _aAnatomie
_vPériodiques.
650 6 _aAnatomie.
650 7 _aanatomy.
_2aat
650 7 _aAnatomy.
_2fast
_0(OCoLC)fst00808440
650 1 7 _aAnatomie.
_2gtt
655 0 _aElectronic journals.
655 2 _aPeriodical
655 7 _aPeriodicals.
_2fast
_0(OCoLC)fst01411641
655 7 _aPeriodicals.
_2lcgft
_0(uri) http://id.loc.gov/authorities/genreForms/gf2014026139
_0(uri) http://id.loc.gov/authorities/genreForms/gf2014026139
700 1 _aBardeen, Charles Russell,
_d1871-1935.
_1https://id.oclc.org/worldcat/entity/E39PBJjXfgwjPV7tC64frtWYyd
700 1 _aHardesty, Irving,
_d1866-
_1https://id.oclc.org/worldcat/entity/E39PCjxWQChrj8tR4BMvF6fqry
700 1 _aBremer, John Lewis,
_d1874-
_1https://id.oclc.org/worldcat/entity/E39PBJpV6xm3CvQFkxYk4xd84q
700 1 _aBoyden, Edward A.
_q(Edward Allen),
_d1886-1976.
_1https://id.oclc.org/worldcat/entity/E39PBJht9TWypD4C7TBdXkPG73
710 2 _aAmerican Association of Anatomists.
_1https://id.oclc.org/worldcat/entity/E39QH7JmpGJB9cyVRQ9YbJtHdF
710 2 _aAmerican Society of Zoologists.
_1https://id.oclc.org/worldcat/entity/E39QH7JmqGgk798RTDjpqyGkPF
710 2 _aWistar Institute of Anatomy and Biology.
_1https://id.oclc.org/worldcat/entity/E39QQPVp7VVjCHkQkg8Tpt4vB6
740 0 2 _aNew anatomist.
740 0 2 _aAnatomical record.
_pNew anatomist.
770 0 _tAnatomical record. Supplement
_g1983-
_x0749-3002
_w(OCoLC)10503181
_w(OCoLC)10503181
776 1 _tAnatomical record (Online)
_x1097-0185
_w(OCoLC)38168488
_w(OCoLC)38168488
776 0 8 _iOnline version:
_tAnatomical record
_w(OCoLC)876712668
777 1 _tAmerican journal of anatomy
_g1906
_x0002-9106
_w(OCoLC)1480118
_w(OCoLC)1480118
785 1 6 _tAnatomical record. Part A, Discoveries in molecular, cellular, and evolutionary biology
_x1552-4884
_w(OCoLC)51621880
_w(OCoLC)51621880
785 1 6 _tAnatomical record. Part B, New anatomist
_x1552-4906
_w(OCoLC)51621908
_w(OCoLC)51621908
859 4 1 _aWiley InterScience
_z1906-1995
_uhttp://www3.interscience.wiley.com/cgi-bin/jhome/109876739
859 4 1 _aWiley InterScience
_z1996-2002
_uhttp://www3.interscience.wiley.com/cgi-bin/jtoc/28243/2002
859 4 1 _aWiley InterScience
_zNew anatomist section
_uhttp://www3.interscience.wiley.com/cgi-bin/jtoc/101521780/2002
906 _a7
_bcbc
_cserials
_du
_encip
_f19
_gn-oclcserc
590 _aSERBIB/SERLOC merged record
890 _aAnatomical record. (Wistar institute of anatomy and biology) (Philadelphia).
_ica09-2031
_ica09-2031
920 _aKeep 1
923 _d2003-02-25
_sGroup Registration
985 _eeserial 200406
991 _bc-GenColl
_hQL801
_i.A45
_wSERIALS
992 _bSer
_wSERLOC
999 _c1517
_d1517